00878cam a2200277 i 450000100090000000300040000900500170001300800410003001000170007102000250008804000280011304200080014105000250014908200240017410000180019824500520021625000210026826400440028930000280033333600210036133700250038233800230040750400510043063000640048163000550054517784283OSt20220227195316.0130619s2013 miua b 001 0 eng  a 2013019127 a9780801039904 (pbk.) aDLCbengcDLCdDLCerda apcc00aBS2341.52b.C37 201300a016.2257223bC321N1 aCarson, D. A.10aNew Testament commentary survey /cD.A. Carson. aSeventh edition. 1aGrand Rapids :bBaker Academic,c[2013] axvi, 176 pages ;c22 cm atext2rdacontent aunmediated2rdamedia avolume2rdacarrier aIncludes bibliographical references and index.00aBible.pNew TestamentxCommentariesxHistory and criticism.00aBible.pNew TestamentxCommentariesvBibliography.